Excess cash flow : (Record no. 6187)
[ view plain ]
| 000 -LEADER | |
|---|---|
| fixed length control field | 00850cam a22002412 4500 |
| 001 - CONTROL NUMBER | |
| control field | 0000003039 |
| 005 - DATE AND TIME OF LATEST TRANSACTION | |
| control field | 20151217151913.0 |
| 008 - FIXED-LENGTH DATA ELEMENTS--GENERAL INFORMATION | |
| fixed length control field | 070426s xx 000 0 eng d |
| 020 ## - INTERNATIONAL STANDARD BOOK NUMBER | |
| International Standard Book Number | 1403900396 : |
| Terms of availability | KES 8,125 |
| 040 ## - CATALOGING SOURCE | |
| Original cataloging agency | KABU |
| Transcribing agency | KABU |
| 050 #0 - LIBRARY OF CONGRESS CALL NUMBER | |
| Classification number | HG4241 |
| Item number | .D48 |
| 100 1# - MAIN ENTRY--PERSONAL NAME | |
| Personal name | Dhumale, Rahul. |
| -- | 0000152614 |
| 245 10 - TITLE STATEMENT | |
| Title | Excess cash flow : |
| Remainder of title | a signal for institutional and corporate governance / |
| Statement of responsibility, etc. | by Rahul Dhumale. |
| 260 ## - PUBLICATION, DISTRIBUTION, ETC. (IMPRINT) | |
| Place of publication, distribution, etc. | Houndmills, Basingstoke, Hampshire ; |
| -- | New York : |
| Name of publisher, distributor, etc. | Palgrave Macmillan, |
| Date of publication, distribution, etc. | 2003. |
| 300 ## - PHYSICAL DESCRIPTION | |
| Extent | xvi, 218 p. ; |
| Dimensions | 23 cm. |
| 504 ## - BIBLIOGRAPHY, ETC. NOTE | |
| Bibliography, etc | Includes bibliographical references and index. |
| 650 #0 - SUBJECT ADDED ENTRY--TOPICAL TERM | |
| Topical term or geographic name as entry element | Corporations |
| General subdivision | Finance |
| Geographic subdivision | India. |
| -- | 0000152615 |
| 650 #0 - SUBJECT ADDED ENTRY--TOPICAL TERM | |
| Topical term or geographic name as entry element | Cash management |
| Geographic subdivision | India. |
| -- | 0000152616 |
| 650 #0 - SUBJECT ADDED ENTRY--TOPICAL TERM | |
| Topical term or geographic name as entry element | Cash flow. |
| -- | 0000152579 |
| 908 ## - PUT COMMAND PARAMETER (RLIN) | |
| Put command parameter | 070426 |
| 950 ## - LOCAL HOLDINGS (RLIN) | |
| -- | 1 |
| Withdrawn status | Lost status | Source of classification or shelving scheme | Not for loan | Home library | Current library | Date acquired | Total Checkouts | Full call number | Barcode | Date last seen | Price effective from | Koha item type |
|---|---|---|---|---|---|---|---|---|---|---|---|---|
| Library of Congress Classification | Kabarak, Main Campus | Kabarak, Main Campus | 17/12/2015 | HG4241 .D48 | 007005 | 17/12/2015 | 17/12/2015 | General Collection |